<?xml version="1.0" encoding="UTF-8"?>
<record
    xmlns:xsi="http://www.w3.org/2001/XMLSchema-instance"
    xsi:schemaLocation="http://www.loc.gov/MARC21/slim http://www.loc.gov/standards/marcxml/schema/MARC21slim.xsd"
    xmlns="http://www.loc.gov/MARC21/slim">

  <leader>00928nam a22002657a 4500</leader>
  <controlfield tag="005">20170123162322.0</controlfield>
  <datafield tag="010" ind1=" " ind2=" ">
    <subfield code="a">A-603725</subfield>
  </datafield>
  <datafield tag="020" ind1=" " ind2=" ">
    <subfield code="c">10.50</subfield>
  </datafield>
  <datafield tag="035" ind1=" " ind2=" ">
    <subfield code="a">A-603725</subfield>
  </datafield>
  <datafield tag="037" ind1=" " ind2=" ">
    <subfield code="b">Cen Lib/Ret</subfield>
  </datafield>
  <datafield tag="040" ind1=" " ind2=" ">
    <subfield code="a">DPL</subfield>
    <subfield code="b">UR</subfield>
  </datafield>
  <datafield tag="082" ind1=" " ind2=" ">
    <subfield code="a">&#x6A9;</subfield>
    <subfield code="b">&#x633; &#x6A9; &#x679;</subfield>
  </datafield>
  <datafield tag="100" ind1=" " ind2=" ">
    <subfield code="a">&#x633;&#x6A9;&#x679;&#x627;&#x641; </subfield>
    <subfield code="9">108197</subfield>
  </datafield>
  <datafield tag="245" ind1=" " ind2=" ">
    <subfield code="a">&#x633;&#x627;&#x626;&#x646;&#x633;&#x632; &#x6A9;&#x6CC; &#x6A9;&#x6C1;&#x627;&#x646;&#x6CC;&#x627;&#x6BA;  /</subfield>
    <subfield code="c">&#x633;&#x6A9;&#x679;&#x627;&#x641; ; &#x645;&#x631;&#x62A;&#x62C;&#x645; &#x627;&#x646;&#x646;&#x6CC;&#x633;&#x62F;&#x62F;&#x6CC;&#x6BA; &#x645;&#x644;&#x6A9; </subfield>
  </datafield>
  <datafield tag="246" ind1=" " ind2=" ">
    <subfield code="a">Science ki kahaniyan /</subfield>
    <subfield code="b">by Siktaf ; translated by Anisuddin Malik </subfield>
  </datafield>
  <datafield tag="260" ind1=" " ind2=" ">
    <subfield code="a">&#x646;&#x6CC;&#x6CC; &#x62F;&#x6C1;&#x644;&#x6CC; </subfield>
    <subfield code="b">&#x688;&#x627;&#x626;&#x631;&#x6CC;&#x6A9;&#x679;&#x631; &#x62A;&#x631;&#x642;&#x6CC; &#x627;&#x631;&#x62F;&#x648; &#x628;&#x6CC;&#x648;&#x631;&#x648; </subfield>
    <subfield code="c">1988</subfield>
  </datafield>
  <datafield tag="270" ind1=" " ind2=" ">
    <subfield code="a">&#x648;&#x6CC;&#x633;&#x679; &#x628;&#x644;&#x627;&#x6A9; &#x627;&#x631;.&#x6A9;&#x6D2;. &#x67E;&#x631;&#x645; </subfield>
    <subfield code="b">&#x646;&#x6CC;&#x6CC; &#x62F;&#x6C1;&#x644;&#x6CC; </subfield>
    <subfield code="e">110066</subfield>
  </datafield>
  <datafield tag="300" ind1=" " ind2=" ">
    <subfield code="a">152p.</subfield>
    <subfield code="c">21cm(Hb)</subfield>
  </datafield>
  <datafield tag="650" ind1=" " ind2=" ">
    <subfield code="a">&#x627;&#x631;&#x62F;&#x648; &#x632;&#x628;&#x627;&#x646; </subfield>
    <subfield code="9">547</subfield>
  </datafield>
  <datafield tag="650" ind1=" " ind2=" ">
    <subfield code="a">&#x633;&#x627;&#x626;&#x646;&#x633; &#x633;&#x679;&#x648;&#x631;&#x64A;&#x62C;</subfield>
    <subfield code="9">117512</subfield>
  </datafield>
  <datafield tag="650" ind1=" " ind2=" ">
    <subfield code="a">Urdu literature </subfield>
    <subfield code="9">117513</subfield>
  </datafield>
  <datafield tag="650" ind1=" " ind2=" ">
    <subfield code="a">Science stories </subfield>
    <subfield code="9">117514</subfield>
  </datafield>
  <datafield tag="700" ind1=" " ind2=" ">
    <subfield code="a"> &#x645;&#x644;&#x6A9;&#x60C; &#x627;&#x646;&#x646;&#x6CC;&#x633;&#x62F;&#x62F;&#x6CC;&#x6BA;</subfield>
    <subfield code="9">108316</subfield>
  </datafield>
  <datafield tag="942" ind1=" " ind2=" ">
    <subfield code="2">ddc</subfield>
    <subfield code="c">UR</subfield>
    <subfield code="h">&#x6A9;</subfield>
    <subfield code="m">&#x633;&#x6A9;&#x679;&#x627;&#x641; </subfield>
  </datafield>
  <datafield tag="999" ind1=" " ind2=" ">
    <subfield code="c">107148</subfield>
    <subfield code="d">107148</subfield>
  </datafield>
  <datafield tag="952" ind1=" " ind2=" ">
    <subfield code="0">0</subfield>
    <subfield code="1">0</subfield>
    <subfield code="4">0</subfield>
    <subfield code="7">0</subfield>
    <subfield code="a">L</subfield>
    <subfield code="b">L</subfield>
    <subfield code="d">2016-01-04</subfield>
    <subfield code="e">Cen Lib/Ret</subfield>
    <subfield code="g">10.50</subfield>
    <subfield code="l">1</subfield>
    <subfield code="o">&#x6A9; &#x633; &#x6A9; &#x679;</subfield>
    <subfield code="p">A-603725</subfield>
    <subfield code="r">2018-08-25 00:00:00</subfield>
    <subfield code="s">2018-08-11</subfield>
    <subfield code="t">1</subfield>
    <subfield code="v">10.50</subfield>
    <subfield code="w">2016-01-04</subfield>
    <subfield code="y">UR</subfield>
  </datafield>
</record>
